Analýza informácií z účtovnej závierky pre potreby riadenia rizík diplomová práca

Uložené v:
Podrobná bibliografia
Hlavný autor: Molnárová, Dorota
Korporativný autor: Fakulta hospodárskej informatiky EU. Katedra účtovníctva a audítorstva
Ďalší autori: Szászová, Renáta
Médium: Kniha
Jazyk:Slovak
Vydavateľské údaje: Bratislava 2013
Tagy: Pridať tag
Žiadne tagy, Buďte prvý, kto otaguje tento záznam!

MARC

LEADER 00000nbm a2200000 4500
001 0171560
005 20161109102441.5
041 0 |a slo 
044 |a SK 
245 1 0 |a Analýza informácií z účtovnej závierky pre potreby riadenia rizík  |b diplomová práca  |c Dorota Molnárová ; školiteľ: Renáta Szászová 
264 1 |a Bratislava  |c 2013 
300 |a 83 s. 
100 1 |a Molnárová, Dorota 
700 1 |a Szászová, Renáta 
710 2 |a Fakulta hospodárskej informatiky EU. Katedra účtovníctva a audítorstva